000 00358nam a22001577a 4500
003 SGT
020 _a978-81-85790-61-2
082 _a616.01
100 _aKOKARE, CHANDRAKANT
245 _aPHARMACEUTICAL MICROBIOLOGY
250 _a11TH
260 _aPUNE
_bNIRALI .PUB
_c2016
300 _a26.26 & INDEX 1.5
650 _aMICROBIOLOGY
942 _2ddc
_cBK
_041
999 _c9609
_d9609